header

The day I fired Alan Ladd and other World War II adventures (Record no. 180626)

MARC details
000 -LEADER
fixed length control field 01233nam a2200313 a 4500
082 04 - DEWEY DECIMAL CLASSIFICATION NUMBER
Classification number 940.54/4973/092
-- B
100 1# - MAIN ENTRY--AUTHOR NAME
Personal name Hotchner, A. E.
245 14 - TITLE STATEMENT
Title The day I fired Alan Ladd and other World War II adventures
260 ## - PUBLICATION, DISTRIBUTION, ETC. (IMPRINT)
Place of publication Columbia :
Name of publisher University of Missouri Press,
Year of publication c2002.
300 ## - PHYSICAL DESCRIPTION
Number of Pages vii, 131 p.
650 #0 - SUBJECT ADDED ENTRY--TOPICAL TERM
Topical Term World War, 1939-1945
856 40 - ELECTRONIC LOCATION AND ACCESS
Uniform Resource Identifier http://site.ebrary.com/lib/rucke/Doc?id=10048211

No items available.

© 2026 Rongo University
Contact us: librarian | system librarian | Rongo university